Dodge & Plymouth Car Quiz - Statistics

General Stats
  • This quiz has been taken 129 times
  • The average score is 29 of 75
Answer Stats
Dodge/Plymouth % Correct
Charger
95%
Dart
86%
Challenger
80%
Ram
79%
Barracuda
70%
Durango
70%
Road Runner
68%
Caravan
64%
Neon
63%
VIP
63%
Daytona
59%
Duster
59%
Viper
57%
Coronet
54%
Superbird
54%
Avenger
52%
Fury
50%
Prowler
48%
GTX
46%
Voyager
46%
Dakota
45%
Magnum
45%
Ramcharger
45%
Demon
43%
Super Bee
43%
Journey
41%
Valiant
41%
Breeze
38%
Caliber
38%
Diplomat
38%
Monaco
38%
Acclaim
36%
Aries
36%
Aspen
36%
Belvedere
36%
Stealth
36%
Colt
32%
Nitro
32%
Omni
32%
Satellite
32%
Spirit
32%
Stratus
32%
330
30%
400
30%
440
30%
Conquest
30%
Intrepid
30%
Laser
30%
Scamp
30%
600
29%
880
29%
Caravelle
29%
Horizon
29%
Savoy
29%
Volare
29%
A100
27%
Arrow
27%
Dynasty
27%
Lancer
25%
Relient
25%
Trailduster
25%
Champ
23%
Cranbrook
23%
Rampage
23%
Shadow
23%
Sundance
23%
Plaza
21%
Polara
21%
Power Wagon
21%
Wayfarer
21%
Raider
18%
Mirada
14%
Sprinter
14%
Turismo
13%
Matador
7%
No matching quizzes found
Score Distribution
Percent of People with Each Score
Percentile by Number Answered
Your Score History
You have not taken this quiz